00870nam a22001697a 450000500170000000800410001702000150005805000260007310000360009924502680013525000110040326000640041430000210047861000760049961000740057565000510064920221028133251.0190228b mx ||||| |||| 00| 0 spa d a970712505504aKGF4605.A49bC65 20051 aCasasola, José Maríaeautor10aColección de alegaciones y respuestas fiscales extendidas en varios negocios civiles y causas criminales que se han visto en el Supremo Tribunal de Justicia de la Nación, habiendo entre las últimas algunas bastante célebres 1860c/ José María Casasola a1a ed. aMéxico :bSuprema Corte de Justicia de la Nación,c2005 a456 p. :c19 cm. 4aMéxicobSuprema Corte de Justicia de la NaciónvResolucionesy1860-14aMéxicobSuprema Corte de Justicia de la NaciónvDesicionesy1860- 72lembaDerecho fiscalvProcedimientoszMéxico